Santo Domingo : (Registro nro. 13873)

Detalles MARC
000 -LIDER
fixed length control field 02985nam a2200325 a 4500
001 - NÚMERO DE CONTROL
Identificador de número de control
003 - IDENTIFICACDOR DE NÚMERO DE CONTROL
control field DO-SdBNP
005 - DATE AND TIME OF LATEST TRANSACTION
control field 20211115111049.0
008 - ELEMENTOS DE LONGITUD FIJA
fixed length control field 100212s2009 dr 000 0 spa d
020 ## - ISBN
International Standard Book Number 9789945404258
040 ## - FUENTE DE CATALOGACIÓN
Agencia que crea de manera original el registro DO-SdBNP
Idioma de catalogación spa
Agencia que realiza la transcripción BPMSU
049 ## - LOCAL HOLDINGS (OCLC)
Holding library
082 ## - NÚMERO DE CLASIFICACIÓN DECIMAL DE DEWEY
Classification number 780.97293
Item number C334s
Edition number 22
100 1# - ASIENTO PRINCIPAL -- NOMBRE PERSONAL
Nombre personal Casado, Fernando
245 10 - MENCIÓN DE TITULO
Título Santo Domingo :
Subtítulo tesoro de la cultura musical antillana, origen de ritmos e instrumentos, comparativo socio-cultural entre La Española y Cuba desde los primeros años de la colonización /
Mención de responsabilidad Fernando Casado ; revisión de texto José Chez Checo, Javier Cabral Díaz.
260 ## - PUBLICACIÓN, DISTRIBUCIÓN, ETC. (PIE DE IMPRENTA)
Lugar de publicación, distribución, etc Santo Domingo :
Nombre del editor, distribuidor, etc. Ediciones de Cultura,
Fecha de publicación, distribución, etc 2009.
Impresor Editorial Búho
300 ## - DESCRIPCIÓN FÍSICA
Extensión 493 p. :
Otros detalles físicos il., mus. ;
Dimensiones 27 cm.
500 ## - NOTA GENERAL
Nota general Incluye índice
500 ## - NOTA GENERAL
Nota general Incluye datos biográficos del autor en las solapas.
500 ## - NOTA GENERAL
Nota general Incluye datos biográficos del autor en la solapa
504 ## - NOTA DE BIBLIOGRAFÍA, ETC.
Bibliography, etc Bibliografía: p. 473-479.
505 ## - NOTA DE CONTENIDO
Texto normalizado de contenido Los nucleamientos de la isla de Quisqueya eran los más avanzados de toda el área antillana --<br/> t Del diario de Colón --<br/> t Las conjugaciones primarias --<br/> t Del templo a las calles: las cofradías --<br/> t Las notas de un nuevo pentagrama --<br/> t El sonar del campanario --<br/> t Primeras universidades del nuevo mundo --<br/> t La Española y Cuba --<br/> t Dacapo en la colonización de Cuba --<br/> t La huella sonora de las hermanas Ginés --<br/> t Teodora y Micaela Ginés --<br/> t El guiro --<br/> t Si las hermanas Ginés hubiesen sido cubanas y no dominicanas, la discusión sobre el son estaría de más --<br/> t Dacapo con las Ginés --<br/> t Criollización del tres... los tramos del proceso --<br/> t William Walter Walton, testigo estelar --<br/> t Las claves (palitos) fueron creación de los dominicanos<br/> t Los palitos bastardos del pueblo de Saáchez --<br/> t ¿Quién era William Walton? --<br/> t Decapo con Banza y tres --<br/> t Cuestionando los de ahora --<br/> t Un repique de tambora... desacuerdo --<br/> t Decapo --<br/> t El carabiné --<br/> t Decapo al tres --<br/> t El bolero --<br/> t Decapo con el bolero --<br/> t La criolla --<br/> t Decapo... otra vez --<br/> t Pentagrama --<br/> t Sindo Garay... el eslabón perdido --<br/> t Los pasos del merengue --<br/> t Recuento sobre la música popular dominicana.
590 ## - NOTA LOCAL
Enlace Inventariado, 2021/VM
650 #4 - ENCABEZAMIENTO DE MATERIA--TEMÁTICO
Término temático o nombre geográfico como elemento de entrada Música
Subdivisión temática general Historia y crítica.
Subdivisión geográfica República Dominicana
650 #4 - ENCABEZAMIENTO DE MATERIA--TEMÁTICO
Término temático o nombre geográfico como elemento de entrada Instrumentos musicales
Subdivisión temática general Historia
Subdivisión geográfica Cuba
650 #4 - ENCABEZAMIENTO DE MATERIA--TEMÁTICO
Término temático o nombre geográfico como elemento de entrada Música
Subdivisión temática general Historia y crítica
Subdivisión geográfica Cuba
651 ## - ENCABEZAMIENTO DE MATERIA--NOMBRE GEOGRÁFICO
Nombre geográfico Música popular cubana
910 ## - VALIDACIÓN
Validación VMateo V.
942 ## - ADDED ENTRY ELEMENTS (KOHA)
Source of classification or shelving scheme Dewey Decimal Classification
Koha item type Libros
Existencias
Withdrawn status Lost status Source of classification or shelving scheme Damaged status Not for loan Collection code Home library Current library Date acquired Total Checkouts Full call number Barcode Date last seen Copy number Price effective from Koha item type
    Dewey Decimal Classification     Colección Dominicana Biblioteca Pública Metropolitana Salomé Ureña Biblioteca Pública Metropolitana Salomé Ureña 11/15/2021   BPMSU CD 780.97293 C334s 2009 BPMSU21110086 11/15/2021 2021-08-18 11/15/2021 Libros